[Event "Slaviansk na Kubani"]
[Site "Slaviansk na Kubani"]
[Date "2008.04.10"]
[Round "?"]
[White "Schury, Evgeniy"]
[Black "Dolzhenko, Alexander"]
[Result "0-1"]
[WhiteElo "1964"]
[BlackElo "2145"]
[PlyCount "75"]
[EventDate "2008.04.01"]
[EventType "tourn"]
[EventRounds "11"]
[EventCountry "RUS"]
[SourceTitle "EXT 2023"]
[Source "ChessBase"]
[SourceDate "2022.10.05"]
[SourceVersion "1"]
[SourceVersionDate "2022.10.05"]
[SourceQuality "1"]

1. e4 Nc6 2. d4 d5 3. Nc3 dxe4 4. d5 Ne5 5. Qd4 Ng6 6. Qxe4 Nf6 7. Qa4+ Bd7 8. Bb5 a6 9. Bxd7+ Qxd7 10. Qxd7+ Kxd7 11. Nf3 h6 12. Be3 Re8 13. 0-0-0 Kc8 14. Rhe1 e5 15. dxe6 fxe6 16. Bd4 Bd6 17. Ne5 Bxe5 18. Bxe5 Rhf8 19. f3 Rf7 20. Bg3 Nh5 21. Re4 Ngf4 22. Bxf4 Nxf4 23. g3 Nh3 24. Re3 g5 25. Rde1 e5 26. Ne4 Rd8 27. Nd2 Rfd7 28. R3e2 Rd4 29. Nb3 R4d6 30. Nd2 Rd4 31. Nb3 R4d6 32. Nd2 b5 33. Ne4 Rd5 34. Nc3 Rd4 35. Rxe5 b4 36. Nd1 Rd2 37. R5e2 R2d6 38. Re6 0-1